00407nam a22001457a 4500003000400000005001700004008004100021020001800062040000900080082001500089100001600104245008900120260004300209300000900252OSt20210225123807.0210224b ||||| |||| 00| 0 eng d a9789388624329 coclc a378bCHO/G aChopra, J K aGeneral Studies 2019 :bIndian Economy Economic And Social Development /cJ K Chopra aNew Delhi:bUnique Publishers, c2019. a259p